A New ultra low viscosity HNBR (Record no. 53455)

MARC details
000 -LEADER
fixed length control field 00484nam a2200193Ia 4500
100 ## - MAIN ENTRY--AUTHOR NAME
Personal name Kulbaba K
245 #2 - TITLE STATEMENT
Title A New ultra low viscosity HNBR
260 ## - PUBLICATION, DISTRIBUTION, ETC. (IMPRINT)
Name of publisher Kautschuk Gummi Kunststoffe
Year of publication 2011
300 ## - PHYSICAL DESCRIPTION
Number of Pages 29-32
650 ## - SUBJECT ADDED ENTRY--TOPICAL TERM
Topical Term Hydrogenated nitrile butadiene rubber
650 ## - SUBJECT ADDED ENTRY--TOPICAL TERM
Topical Term Low viscosity
650 ## - SUBJECT ADDED ENTRY--TOPICAL TERM
Topical Term Metathesis
650 ## - SUBJECT ADDED ENTRY--TOPICAL TERM
Topical Term Therban
700 ## - ADDED ENTRY--PERSONAL NAME
Personal name Muller J
700 ## - ADDED ENTRY--PERSONAL NAME
Personal name Soddemann M
700 ## - ADDED ENTRY--PERSONAL NAME
Personal name Wrana C
942 ## - ADDED ENTRY ELEMENTS (KOHA)
Koha item type Journals
Holdings
Withdrawn status Lost status Damaged status Not for loan Home library Current library Shelving location Date acquired Serial Enumeration / chronology Koha item type
      Journals RRII Library RRII Library Rubber technology 04/08/2011 Volume 64, Issue 6 Journals